000 02901nam a2200289 i 4500
003 DO-SdBNP
005 20260305074000.0
006 a||||gr|||| 00| 0
007 ta
008 230926e2014 dr abc|| |||| 00| e spa d
020 _a9789945008180
040 _aDO-SdBNP
_bspa
_cBNPHU
_erda
082 4 _222
_bG377m
100 1 _aGerón, Candido,
_d1948-
_eautor
_93577
245 1 0 _aLas milicias en Santo Domingo (19779 - 2013):
_bespionaje e inteligencia militar a partir de 1822 /
_cCándido Gerón
264 1 _aSanto Domingo :
_bCentenario,
_c2014
300 _a974 páginas :
_bIlustraciones, mapas, retratos ;
_c23 cm.
336 _2rdacontent
_atexto
_btxt
337 _2rdamedia
_asin mediación
_bn
338 _2rdacarrier
_avolumen
_bnc
500 _aIncluye datos biográficos del autor en las solapas de las cubiertas.
500 _aIncluye bibliografía y notas al pie de páginas.
500 _aIncluye índice onomástico.
505 _aPrólogo.-- Introducción.
_tCapítulo I.
_tMarco histórico de los primeros Estados .-- Las primeras guerras.-- El choque de civilizaciones.-- la influencia de las religiones.
_gCapítulo II.
_tMilicias españolas y francesas en la Era Colonial.--
_gCapítulo III.
_tLas Batallas más importantes realizadas desde el inicio de la Independencia Nacional, y llevadas a cabo por la Guardia Republicana y/o Ejército Nacional.--
_gCapítulo IV (a).
_tTratado de Basilea (1795).-- Invasión de Boyer.-- El papel del General Juan Sánchez Ramírez.-- Independencia Nacional.-- La guerra de restauración y la segunda república.-- Los efectos de la intervención norteamericana.-- Desmantelamiento y formación de la Guardia y la Policía Nacional.--
_gCapítulo V.
_tLa Guerra de Restauración (1861 - 1986).-- Nombramientos de Ministerios de Guerra y otros oficiales durante los gobiernos provisionales y por los jefes de expedición en la Guerra de la Restauración, desde el 24 de octubre de 1863 hasta el 1 de agosto de 1865.-- Trascendencia de Máximo Gómez y Báez y otros próceres y generales.-- Guerras civiles que diezmaron la población de la República Dominicana desde la fundación de la República hasta la Intervención Norteamericana.-- La inteligencia militar a partir del siglo XVIII.--
_tLa Intervención Norteamericana (1916-1924).-- La Guardia republicana.-- Creación de la Guerra y la Policía Nacional durante la ocupación norteamericana.-- La inteligencia militar en la dictadura de Trujillo.-- La inteligencia militar en la dictadura de Trujillo y períodos subsiguientes.-- Historia de la Policía Nacional 1844-2012.-- Breve Historia de la Marina de Guerra y/o Marina Nacional.-- Creación del Ejército Nacional.-- Fundación de Aviación Militar Dominicana.-- Estructura del espionaje telefónico en la República Dominicana en la era digital.--
_tÍndice onomástico.
590 _aInventariado 2023 / MF
942 _2ddc
_cLBS1
999 _c54952
_d54952